01209nam a2200313Ia 4500001001100000003000800011006001900019007001500038008004100053015001500094020001500109040002100124035002100145050002400166082001400190100002800204245011800232260003800350300002300388500003800411504005100449533015200500650002000652650002900672650002300701655002900724710001700753856012500770ebr2004444CaPaEBRm u cr cn|||||||||990921s1999 enka sb 001 0 eng d aGB99-V7316 z0333748123 aCaPaEBRcCaPaEBR a(OCoLC)55945617114aHD3612b.C62 1999eb04a338.72211 aClarke, Michael,d1945-10aRegulationh[electronic resource] :bthe social control of business between law and politics /c[Clarke Michael]. a[Basingstoke :bMacmillan,c1999] avi, 249 p. :bill. aTitle page through p. iv missing. aIncludes bibliographical references and index. aElectronic reproduction.bPalo Alto, Calif. :cebrary,d2013.nAvailable via World Wide Web.nAccess may be limited to ebrary affiliated libraries. 0aCommercial law. 0aIndustrial organization. 0aIndustrial policy. 7aElectronic books.2local2 aebrary, Inc.40uhttp://site.ebrary.com/lib/rucke/Doc?id=2004444zAn electronic book accessible through the World Wide Web; click to view